| 000 | 00645nam a2200193Ii 4500 | ||
|---|---|---|---|
| 003 | JO-AjNU | ||
| 008 | 230605s9999||||xx |||||||||||||| ||und|| | ||
| 040 |
_aJO-AjNU _bara _erda _cJO-AjNU |
||
| 041 | _aara | ||
| 050 | 1 | 4 | _aTE145.S2 1985 |
| 100 | 3 |
_aسالم، محمود توفيق, _eauthor _916073 |
|
| 245 | 0 | 0 | _aهندسة الطرق 2 والمطارات |
| 264 | 3 | 1 | _aعمان:دار الراتب الجامعية،1985 |
| 300 | _a303ص | ||
| 336 |
_atext _btxt _2rdacontent |
||
| 337 |
_aunmediated _bn _2rdamedia |
||
| 338 |
_avolume _bnc _2rdacarrier |
||
| 650 | 4 |
_aهندسة الطرق-الطرق الرئيسية -الطرق _916074 |
|
| 999 |
_aA4683 _c8251 _d8251 |
||